000 00871cam9a220027700 4500
001 lce00260227
008 771216s1978 nyua b 001 0 eng
010 _a 77018735 //r82
020 _a0808910752
035 _a(Sirsi) r24240
035 _a(DLC) 77018735 //r82
035 _a(UPRA)lce00260227
040 _dUPRA
050 0 _aRC889
_b.T34
060 _aWP570 T247i
082 _a618.1/78
100 1 _aTaymor, Melvin L.
_6A86553.1
245 1 0 _aInfertility /
_cMelvin L. Taymor.
260 _aNew York :
_bGrune & Stratton,
_cc1978.
504 _aIncludes bibliographical references and index.
650 0 _aInfertility.
_6S20641.1
650 2 _aSterility -- Diagnosis.
_xSterility -- Diagnosis.
_6S62309.1
650 2 _aSterility -- Therapy.
_xSterility -- Therapy.
_6S62310.1
949 _aRC889
_wLC
_i-23801
_mMEDICAL
_tBOOK
_lON-SHELF
004 24240
999 _c43388
_d43388